000 00719nam a2200241 i 4500
001 000047840
003 DO-SdBNP
005 20241115091600.0
007 ta
008 180829s1994 dr a 000 spa d
040 _aDO-SdBNP
_bspa
_cBNPHU
_erda
082 _axxx
_bP438g
_222
100 1 _aPérez Stefan, Reynolds J
_eautor
_938778
245 0 _aGuía romántica de la vega y su pasado. /
_cReynolds J. Pérez Stefan.
264 _aSanto Domingo :
_bSusaeta,
_c1994.
300 _a217 páginas :
_bilustraciones
_c20 cm.
336 _ardacontent
_btexto
_2txt
337 _ardamedia
_bsin mediación
_2n
338 _ardacarrier
_bvolumen
_2nc
590 _aInventariado,2018/DG
910 _aDG
942 _2ddc
_cLBS1
999 _c47328
_d47328